000 00369nam a2200157Ia 4500
008 230917s9999||||xx |||||||||||||| ||und||
020 _cRS4
040 _e18834
_aMAIN
041 _aEnglish
082 _a330.9 J254P
100 _aJangir, G C
245 0 _aProblems of economic development
260 _aDelhi
_bNational
_c1966
300 _avii,122 p.
942 _cBK
999 _c35202
_d35202